00225nam a2200097Ia 4500008004100000041000800041082001600049100002200065245003100087260000900118240625s9999 xx 000 0 und d aeng a658.827 KEL aKELLER KEVIN LANE aSTRATEGIC BRAND MANAGEMENT c2011